000 01681cam a22003614a 4500
001 17052637
005 20170105102906.0
008 111121s2012 enk b 001 0 eng
010 _a 2011048128
020 _a9781107008861 (hardback)
040 _aDLC
_cDLC
042 _apcc
043 _aa-ii---
_aa-pk---
050 0 0 _aDS481.I65
_bS49 2012
082 0 0 _a320.5/57092
_223
100 1 _aSevea, Iqbal Singh.
245 1 4 _aThe political philosophy of Muhammad Iqbal :
_bIslam and nationalism in late colonial India /
_cIqbal Singh Sevea.
260 _aCambridge ;
_aNew York :
_bCambridge University Press,
_c2012.
300 _axix, 234 p. :
_bmaps ;
_c24 cm.
504 _aIncludes bibliographical references and index.
505 0 _aMuslim political discourse circa 1857-1940 -- "Mera payam aur hai" : Iqbal's role as an intellectual and poet -- Reconstruction of Islam -- Rejecting nationalism, relocating the nation -- Development of the nation.
600 1 0 _aIqbal, Muhammad,
_cSir,
_d1877-1938
_xPolitical and social views.
600 1 0 _aIqbal, Muhammad,
_cSir,
_d1877-1938
_xReligion.
650 0 _aIslam and state
_zIndia
_xHistory
_y20th century.
650 0 _aIslam and politics
_zIndia
_xHistory
_y20th century.
650 0 _aMuslims
_xPolitical activity
_zIndia
_xHistory
_y20th century.
650 0 _aNationalism
_zIndia
_xHistory
_y20th century.
650 0 _aPakistan movement.
651 0 _aIndia
_xPolitics and government
_y1919-1947.
906 _a7
_bcbc
_corignew
_d1
_eecip
_f20
_gy-gencatlg
942 _2ddc
_cBK
999 _c14871
_d14871